Regional GDP figures show need for active regional industrial strategy (Record no. 66243)

MARC details
000 -LEADER
fixed length control field 01105cam a2200193 4500
001 - CONTROL NUMBER
control field WB3709-09
008 - FIXED-LENGTH DATA ELEMENTS--GENERAL INFORMATION
fixed length control field 000000n2001 000 0 eng u
035 ## - SYSTEM CONTROL NUMBER
System control number (Sirsi) u111193
245 ## - TITLE STATEMENT
Title Regional GDP figures show need for active regional industrial strategy
260 ## - PUBLICATION, DISTRIBUTION, ETC.
Date of publication, distribution, etc. 2001
490 ## - SERIES STATEMENT
Series statement DTI Press Release
Volume/sequential designation (P/2001/106) 27 February 2001, (2)
520 ## - SUMMARY, ETC.
Summary, etc. The Trade and Industry Secretary has said that regional GDP figures for 1999, which showed what were described as 'Unacceptably wide economic gaps between regions', have shown the need for an active regional industrial strategy. The figures show that the average annual growth was 3.8%, with the south-east having the highest growth, at 5.1%, and the north-east the lowest at 2.3%. Although GDP per head was above £10,000 for all regions for the first time there were wide discrepancies with that in London being 30% higher than the national average and that in Northern Ireland 23% lower.
590 ## - LOCAL NOTE (RLIN)
Local note WB
650 ## - SUBJECT ADDED ENTRY--TOPICAL TERM
Topical term or geographic name entry element GDP
650 ## - SUBJECT ADDED ENTRY--TOPICAL TERM
Topical term or geographic name entry element REGIONS
650 ## - SUBJECT ADDED ENTRY--TOPICAL TERM
Topical term or geographic name entry element REGIONAL INDUSTRIAL STRATEGY
690 ## - LOCAL SUBJECT ADDED ENTRY--TOPICAL TERM (OCLC, RLIN)
Topical term or geographic name as entry element ECONOMIC ISSUES
942 ## - ADDED ENTRY ELEMENTS (KOHA)
Suppress in OPAC 0
Holdings
Withdrawn status Lost status Source of classification or shelving scheme Damaged status Not for loan Home library Current library Shelving location Date acquired Total Checkouts Full call number Barcode Date last seen Copy number Price effective from Koha item type
    Dewey Decimal Classification     London London News article 28/02/2001   WB3709-09 111193-1001 06/08/2019 1 06/08/2019 News article